000 00384nam a2200181Ia 4500
001 766
005 20260306140542.0
008 260306t2000||||xx |||||||||||||| ||spa||
041 _aESP
082 _a160
_bS21 2000
100 _aSanguineti, Juan José
_eAUT
245 0 _aLógica
260 _c2000
300 _a
_c
650 _aGEN
654 _aCHU
942 _cLIB
_dJUS
_fJUS
_2ddc
_n
999 _c766
_d766